Los tesoros de España : desde Carlos Quinto hasta Goya /
Obra en ocho volúmenes (la biblioteca tiene seis) que recorre el patrimonio artístico de algunas de las grandes civilizaciones: Persia-Irán, Egipto, España (dos volúmenes), Turquía, la América precolombina, el Vaticano y Venecia. Además del rigor histórico-crítico la colección se caracteriza por un...
Zapisane w:
| 1. autor: | |
|---|---|
| Kolejni autorzy: | , |
| Format: | Książka |
| Język: | hiszpański |
| Wydane: |
Ginebra, Suiza : Barcelona, España :
Skira ; Destino,
1965, c1965
|
| Hasła przedmiotowe: | |
| Etykiety: |
Nie ma etykietki, Dołącz pierwszą etykiete!
|
MARC
| LEADER | 00000nam^a2200000^a^4500 | ||
|---|---|---|---|
| 001 | 000395958 | ||
| 005 | 20250526000000.0 | ||
| 008 | 170904 | ||
| 009 | 20260310121417.327 | ||
| 037 | |a Acervo ITESO - Biblioteca | ||
| 041 | |a ESP | ||
| 082 | |a 709. |b SKI V. 4 | ||
| 100 | |a Skira, Albert |e (dirección) | ||
| 240 | 1 | 5 | |a [Los tesoros del mundo] |
| 240 | 1 | 5 | |a [Los tesoros de España] |
| 245 | 1 | 4 | |a Los tesoros de España : |b desde Carlos Quinto hasta Goya / |c Dir. de A. Skira ; texto de A. Cirici Pellicer ; introd. de F.J. Sánchez Cantón. |
| 264 | 4 | |a Ginebra, Suiza : |b Skira ; |a Barcelona, España : |b Destino, |c 1965, c1965 | |
| 300 | |a XVIII, 241 p. ; |c 33.5 cm. | ||
| 336 | |a texto |b txt |2 rdacontenido | ||
| 337 | |a sin mediación |b n |2 rdamedio | ||
| 338 | |a volumen |b nc |2 rdasoporte | ||
| 500 | |a Traducción de: Les trésors de l'Espagne: de Charles Quint à Goya | ||
| 520 | |a Obra en ocho volúmenes (la biblioteca tiene seis) que recorre el patrimonio artístico de algunas de las grandes civilizaciones: Persia-Irán, Egipto, España (dos volúmenes), Turquía, la América precolombina, el Vaticano y Venecia. Además del rigor histórico-crítico la colección se caracteriza por un gran cuidado visual, incluidas numerosas láminas adheridas manualmente a cada volumen. | ||
| 649 | |a XX | ||
| 650 | |a Arte Español - |x Tema Principal | ||
| 650 | |a Arte Español - |x Historia y Crítica | ||
| 650 | |a Arte Renacentista - |z España - |x Historia y Crítica | ||
| 650 | |a Arte Barroco - |z España - |x Historia y Crítica | ||
| 650 | |a Arte Romántico e Historicista - |z España - |x Historia y Crítica | ||
| 650 | |a España - |x Historia - |y Casa de Austria, 1516-1700 | ||
| 650 | |a España - |x Historia - |y Borbones, 1700-1931 | ||
| 700 | |a Cirici Pellicer, Alejandro |e (texto) | ||
| 700 | |a Sánchez Cantón, Francisco Javier |e (introducción) | ||
| 910 | |a Fondo General | ||
| 920 | |a Impresos - Libros | ||
| 930 | |a Libros Antiguos y Raros | ||
| 905 | |a 108 | ||
| 901 | |a 0500291611 |b IT2 |c LRA |i D62695 |u 20250526 | ||
| 902 | |a https://opac.biblio.iteso.mx/vufind/Record/000395958 | ||